| 000 | 01407cam a2200337 a 4500 | ||
|---|---|---|---|
| 001 | 15635772 | ||
| 003 | ARRUPE | ||
| 005 | 20150130020007.0 | ||
| 008 | 090224s2009 nyu b 000 0 eng | ||
| 010 | _a 2009007957 | ||
| 020 | _a9781596271111 (pbk.) | ||
| 020 | _a1596271116 (pbk.) | ||
| 020 | _a9781596271135 (hardcover) | ||
| 020 | _a1596271132 (hardcover) | ||
| 035 | _a(OCoLC)ocn310081502 | ||
| 040 |
_aDLC _cDLC _dYDX _dYDXCP _dBTCTA _dDLC |
||
| 050 | 0 | 0 |
_aB5315.U28 _bB38 2009 |
| 100 | 1 |
_aBattle, Michael, _d1963- _9631 |
|
| 245 | 1 | 0 |
_aUbuntu : _bI in you and you in me / _cMichael Battle ; foreword by Archbishop Desmond Tutu. |
| 260 |
_aNew York : _bSeabury Books, _cc2009. |
||
| 300 |
_aviii, 166 p. ; _c21 cm. |
||
| 504 | _aIncludes bibliographical references (p. 155-166). | ||
| 505 | 0 | _aA fish doesn't know it's wet -- Christian theology of Ubuntu -- How Ubuntu can be a gift to the West -- How the West can be a gift to Ubuntu -- Cultivating Ubuntu. | |
| 650 | 0 |
_aUbuntu (Philosophy) _9632 |
|
| 650 | 0 |
_aPhilosophy, African. _9633 |
|
| 650 | 0 |
_aChristianity _zAfrica. _9634 |
|
| 650 | 0 |
_aChristianity _xPhilosophy. _9635 |
|
| 906 |
_a7 _bcbc _corignew _d1 _eecip _f20 _gy-gencatlg |
||
| 942 |
_2lcc _cMONOGRAPH _08 |
||
| 999 |
_c117897 _d117897 |
||